| 000 | 00780 a2200193 4500 | ||
|---|---|---|---|
| 999 |
_c5118 _d5118 |
||
| 020 | _a0679734813 : | ||
| 050 | 0 | 0 | _aPS3557 GUA 1990 |
| 100 | 1 |
_aGuare, John. _eauthor |
|
| 245 | 1 | 0 |
_aSix degrees of separation : _ba play / _cby John Guare. |
| 250 | _a1st Vintage Books ed. | ||
| 264 |
_aNew York : _bVintage Books, _c1990. |
||
| 300 | _axiii, 120 p. ; | ||
| 500 | _aFiction | ||
| 650 | _aDrama. | ||
| 856 | 4 | 2 |
_3Publisher description _uhttp://www.loc.gov/catdir/description/random043/90050588.html |
| 856 | 4 | 2 |
_3Contributor biographical information _uhttps://www.loc.gov/catdir/enhancements/fy1701/90050588-b.html |
| 942 |
_2lcc _cBK _h3557 _iGUA _kPS |
||